000 00630nam a2200229Ia 4500
003 OSt
005 20220923211736.0
006 a|||||r|||| 00| 0
007 ta
008 Pun
024 _a43,918
037 _cTextual
040 _aARTS
_cARTS
_bPun
041 _2Pun
_aPun
082 _aO153,6M89x, J4
100 _aਸਿੰਘ, ਲਾਲ
245 0 _aਜੀਵਨ ਨੀਤੀ
260 _aਲੁਧਿਆਣਾ
_b ਲਾਹੌਰ ਬੁੱਕ Fਾਪ
_c1954
650 _aਪੰਜਾਬੀ ਸਾਹਿਤ
942 _hO153,6M89x, J4
_cTEXL
_2CC
999 _c303071
_d303071